000
00352 a2200169 4500
001
184972
020
_a
978-85-16-05089-4
040
_c
Magnum
100
_a
Bandeira, Pedro
240
1
0
_a
A pequena bruxa
_l
por
245
1
0
_a
A pequena bruxa
300
_a
48
362
0
_a
2009
440
1
_a
Moderna
697
_a
LITERATURA INFANTO
942
_c
BK
999
_c
184972
_d
184972